Pulmonary impact of titanium dioxide nanorods examination of nanorod-exposed rat lungs and human alveolar cells /
Background: Titanium dioxide nanoparticles have numerous applications, resulting in human exposure. Nonetheless, available toxicological and safety data are insufficient regarding aspherical particles, such as rod-shaped nanoparticles.
Elmentve itt :
| Szerzők: | |
|---|---|
| Dokumentumtípus: | Cikk |
| Megjelent: |
2018
|
| Sorozat: | INTERNATIONAL JOURNAL OF NANOMEDICINE
13 |
| doi: | 10.2147/IJN.S179159 |
| mtmt: | 30316956 |
| Online Access: | http://publicatio.bibl.u-szeged.hu/14711 |
| LEADER | 01311nab a2200313 i 4500 | ||
|---|---|---|---|
| 001 | publ14711 | ||
| 005 | 20190222121732.0 | ||
| 008 | 190222s2018 hu o 0|| angol d | ||
| 022 | |a 1176-9114 | ||
| 024 | 7 | |a 10.2147/IJN.S179159 |2 doi | |
| 024 | 7 | |a 30316956 |2 mtmt | |
| 040 | |a SZTE Publicatio Repozitórium |b hun | ||
| 041 | |a angol | ||
| 100 | 1 | |a Horváth Tamara | |
| 245 | 1 | 0 | |a Pulmonary impact of titanium dioxide nanorods |h [elektronikus dokumentum] : |b examination of nanorod-exposed rat lungs and human alveolar cells / |c Horváth Tamara |
| 260 | |c 2018 | ||
| 300 | |a 7061-7077 | ||
| 490 | 0 | |a INTERNATIONAL JOURNAL OF NANOMEDICINE |v 13 | |
| 520 | 3 | |a Background: Titanium dioxide nanoparticles have numerous applications, resulting in human exposure. Nonetheless, available toxicological and safety data are insufficient regarding aspherical particles, such as rod-shaped nanoparticles. | |
| 700 | 0 | 1 | |a Papp András |e aut |
| 700 | 0 | 1 | |a Igaz Nóra |e aut |
| 700 | 0 | 1 | |a Kovács Dávid |e aut |
| 700 | 0 | 1 | |a Kozma Gábor |e aut |
| 700 | 0 | 1 | |a Tiszlavicz László |e aut |
| 700 | 0 | 1 | |a Rázga Zsolt |e aut |
| 700 | 0 | 1 | |a Kónya Zoltán |e aut |
| 700 | 0 | 2 | |a Csontné Kiricsi Mónika |e aut |
| 700 | 0 | 2 | |a Vezér Tünde |e aut |
| 856 | 4 | 0 | |u http://publicatio.bibl.u-szeged.hu/14711/1/HorvathIntJNanomedicine2018.pdf |z Dokumentum-elérés |